000 00536nam a2200193Ia 4500
005 20250508151303.0
008 008 250505s9999 xx 000 0 eng d
037 _aTextual
040 _aFEDL
_beng
_cFEDL
041 _aeng
_2eng
084 _a370.15, WEL
_qFEDL
100 _aWelton J.
245 0 _aPsychology of education
260 _aLondon, UK
_bMacmillan and Co Limited
_c1911
300 _axxi,507p.
650 _aEducation - Psychology
_9755527
942 _cTEXL
_h370.15, WEL
999 _c1328843
_d1328843